Ottův slovník naučný nové doby
Salvato in:
| Natura: | Libro |
|---|---|
| Lingua: | ceco |
| Pubblicazione: |
Praha
Novina, tisk. a vyd. podniky
1943
|
| Tags: |
Nessun Tag, puoi essere il primo ad aggiungerne!!
|
MARC
| LEADER | 00000nam a2200000 4500 | ||
|---|---|---|---|
| 001 | c123431 | ||
| 005 | 20041019155228.3 | ||
| 041 | 0 | |a cze | |
| 044 | |a CZ | ||
| 245 | 1 | 0 | |a Ottův slovník naučný |b nové doby |
| 264 | 1 | |a Praha |b Novina, tisk. a vyd. podniky |c 1943 | |
| 300 | |a 1375 s. | ||